000 01718cam a2200133 4500500
005 20251214004337.0
041 _afre
042 _adc
100 1 0 _aPorte, Rémy
_eauthor
245 0 0 _a1914. Une année qui a fait basculer le monde : Essai d'histoire globale
260 _bArmand Colin,
_c2014.
520 _a« Quoi ? Parce qu’un archiduc a été assassiné à la fin du mois dernier dans un village bosniaque ? L’affaire n’est donc pas enterrée… comme le prince ? ».On peut sourire de cette remarque. Elle traduit pourtant, au premier degré, l’état d’esprit d’une partie de la population aux premiers jours d’août 1914. L’attentat de Sarajevo n’est qu’une étincelle, survenue dans un contexte particulier qui a favorisé le développement d’une crise qui n’était ni écrite, ni certaine.À travers les mémoires des témoins, des acteurs, et en utilisant de très nombreux titres de la presse quotidienne de l’époque, l’auteur nous entraine à travers le premier semestre de l’année 1914. Certaines causes – complexes – de la guerre sont en germe. Puis, il nous raconte les premiers mois de guerre, de l’entrée en campagne à la fixation du front occidental, à l’avant comme à l’arrière, dans les états-majors comme au gouvernement et au parlement.Quand la politique, la diplomatie, l’économique, le culturel, le financier, l’industriel, le religieux et l’artistique croisent le militaire, l’année 1914 prend d’autres formes et d’autres couleurs. Et les choses ne sont peut-être pas aussi simples qu’on veut bien généralement le dire.
856 4 1 _uhttps://shs.cairn.info/1914--9782200277697?lang=fr&redirect-ssocas=7080
999 _c1568459
_d1568459